| 000 | 02499nam a2200289 a 4500 | ||
|---|---|---|---|
| 001 | |||
| 003 | DO-SdBNP | ||
| 005 | 20220328111947.0 | ||
| 008 | 090630s2000 dr a 001 0dspa d | ||
| 020 | _c9789993401599 | ||
| 040 |
_aDO-SdBNP _bspa _cBPMSU |
||
| 082 |
_a972.93040922 _bL453m 2000 _222 |
||
| 100 | 1 | _aLebrón de Anico, Rosa | |
| 245 | 1 | 3 |
_aLa mujer en la gesta heroíca de la Independencia Nacional : _blágrimas, sacrificio y renunciamiento / _cRosa Lebrón de Anico. |
| 260 |
_aSanto Domingo : _bLibrería La Trinitaria, _c2000. |
||
| 300 |
_a122 p. : _bil., retrs. ; _c21 cm. |
||
| 500 | _aIncluye índice. | ||
| 500 | _aIncluye referencias bibliográficas y notas al pie de las páginas | ||
| 504 | _aBibliografía : p. 121-122. | ||
| 505 | 0 | 0 |
_tInvasiones haitianas a territorio dominicano -- _tInvasión del año 1801 -- _tInvasión del año 1805 -- _tInvasión del año 1822 -- _tInvasión del 12 de junio de 1843 -- _tInvasión del año 1844 -- _tInvasión del año 1845 -- _tInvasiones de los años 1849, 1855, 1856 -- _tManuela Díez -- _tRosa Duarte -- _tMaria Antonia y Lluberes -- _tOcupación haitiana -- _tConspiración de Los Alcarrizos -- _tLas vírgenes de Galindo -- _tFundación de la Trinitaria -- _tJosefa Antonia Pérez de la Paz (Doña Chepita) -- _tSociedades La Dramática y La Filantrópica -- _tFilomena Gómez de Cova -- _tConcepción Bona y María de Jesús Pina -- _tLas hermanas Villa -- _tMicaela de Rivera y Froilana Febles -- _tOlaya del Rosario de Sánchez (Mamá Olaya) -- _tMujeres amadas por Francisco del Rosario Sánchez -- _tMaría Evarista Hinojosa (Mimita Betancourt) -- _tBalbina de Peña -- _tMujeres que estuvieron presentes en los campos de acción de la independencia -- _tMaría Baltasara de los Reyes -- _tMaría Trinidad Sánchez -- _tJuana Saltitopa -- _tMaría Rosa Montás -- _tPetronila Gaú -- _tPetronila Abreu Delgado -- _tAltagracia Abreu de Ravelo -- _tMujeres en la familia de Ramón Matías Mella -- _tFrancisca Javier Castillo -- _tJosefa Brea -- _tAgustina Medrano de Castillo -- _tAna Valverde -- _tCatalina Encarnación (Mamá Catalina Ogando) -- _tRosa Bastardo de Guillermo -- _tPoetisas que cantaron a la patria -- _tMaría Josefa Pérez Guerra -- _tFrancisca López |
| 590 | _6Inventariado, 20121/VM | ||
| 650 | 4 |
_aMujeres _zRepública Dominicana _vBiografás |
|
| 650 | 4 |
_aMujeres en la política _zRepública Dominicana |
|
| 651 | 4 |
_aRepública Dominicana _xHistoria _y1844-1861 _vBibliograías |
|
| 910 | _aMCabrera /VMateo V. | ||
| 942 |
_2ddc _cBK |
||
| 999 |
_c13403 _d13403 |
||